01821 a2200169 45000010006000000050017000060080041000230030015000640400040000790800064001192450109001832640035002923000019003275051253003461000027015997000025016263429320260407155631.0260407a1980 arg spa dAR-UNSa-BCEJYS aAR-UNSa-BCEJYSbspacAR-UNSa-BCEJYS a657-051xProfesional en Ciencias Económicas (Contador...)10aManual para la gestión profesional y empresariapadministrativa contable societaria-impositiva laboral 1aBuenos Aires :bCangalloc1980 a609 p.c23 cm. aI. Societaria : 1. Sociedad colectiva - 2. Sociedad en comandita simple - 3. Sociedad de captal e industria - 4. Sociedad de responsabilidad limitada - 5. Sociedad anónima - 6. Sociedad en comandita por acciones - 7. Sociedad accidental o en participación - 8. Modelos de objetos sociales - II. Práctica profesional: 1. Procedimiento para la inscripción de las sociedades comerciales - 2. Actuaciones ante el juzgado nacional de primera instancia en lo comercial de registro - 3. Legislación profesional - III. Laboral: 1. Ley de contratos de trabajo - IV. Previsional: 1. Trabajadores en relación de dependencia - 2. Trabajadores autónomos - V. Contable y administrativa :1. Organización y administración - 2. Libros sociales - 3. Revalúo Contable - 4. Ajuste por inflación - 5. Valuación de acciones y llave de negocio - 6. Modelos de contabilización - 7. Presupuestos - 8. Balances consolidados - VI. Auditoria: 1. Dictamen sobre los estados contables - 2. Auditoría de empresas - 3. Auditoría de balances - VII. Impositiva: 1. Principales hechos imponibles - 2. Régimen de anticipos - 3. Régimen impositivo para las sociedades de capital - 4. Régimen de retenciones - Información útiles - Indice general.1 aVacarezza, Juan Carlos1 aVacarezza, Alejandro